000 00693nam a2200217Ii 4500
003 JO-AjNU
008 230605s9999||||xx |||||||||||||| ||und||
017 _a1994/5865
040 _aJO-AjNU
_bara
_erda
_cJO-AjNU
041 _aara
050 1 4 _aDS63.1.K58 1994
100 3 _aالخولى، لطفي,
_eauthor
_915471
245 0 0 _aعرب ؟ نعم. وشرق أوسطيون أيضا
250 _aط1
264 3 1 _aالقاهرة: مركز الاهرام للترجمة والنشر، 1994
300 _a193ص
336 _atext
_btxt
_2rdacontent
337 _aunmediated
_bn
_2rdamedia
338 _avolume
_bnc
_2rdacarrier
650 4 _aعالم عربي- احوال سياسية
_915472
999 _aA4377
_c7945
_d7945